| 000 | 00606nam a2200181 a 4500 | ||
|---|---|---|---|
| 008 | 060316s1987 ||||||||||||||||| || u | ||
| 020 | _a0632017643 | ||
| 020 | _a0632017813 | ||
| 050 | _aTP 248 Pri | ||
| 100 | _aPrimrose, S. B | ||
| 245 | 1 | 0 | _aModern biotechnology |
| 260 |
_aOxford _bBlackwell Scientific Publications _c1987 |
||
| 300 | _aviii, 176 p. : ill. | ||
| 350 | _a0.00 | ||
| 500 | _aIncludes bibliographies | ||
| 650 | 0 | _aBIOTECHNOLOGY | |
| 995 |
_D0.00 _FCBU-MAIN LIBRARY (Kitwe) _H1 _I27.50 _UAVAILABLE _ZAnnex Low-Usage Collection |
||
| 999 |
_c51419 _d51419 |
||